[Event "FRM-chT 32nd"]
[Site "Struga"]
[Date "2024.07.26"]
[Round "3.4"]
[White "Gjorgjieski, Dejan"]
[Black "Dema, Ramiz"]
[Result "1-0"]
[WhiteElo "2131"]
[BlackElo "2038"]
[PlyCount "83"]
[EventDate "2024.07.24"]
[EventType "team-tourn"]
[EventRounds "9"]
[EventCountry "MKD"]
[SourceTitle "EXT 2025"]
[Source "ChessBase"]
[SourceDate "2024.10.14"]
[SourceVersion "1"]
[SourceVersionDate "2024.10.14"]
[SourceQuality "1"]
[WhiteTeam "Prilep"]
[BlackTeam "Skopje Shkupi"]
[WhiteTeamCountry "MKD"]
[BlackTeamCountry "MKD"]

1. Nf3 Nf6 2. d4 d5 3. c4 e6 4. Nc3 c6 5. e3 Bb4 6. Qb3 Bxc3+ 7. Qxc3 Ne4 8. Qc2 Qa5+ 9. Bd2 Nxd2 10. Nxd2 0-0 11. Bd3 h6 12. 0-0 f5 13. a3 Nd7 14. b4 Qd8 15. cxd5 cxd5 16. Rac1 Nf6 17. Nf3 Ne4 18. Qc7 Qf6 19. Rc2 Rf7 20. Qe5 Qd8 21. Rfc1 a5 22. b5 Nd6 23. a4 Qb6 24. h4 Bd7 25. Qg3 Be8 26. Ne5 Re7 27. h5 Qd8 28. Qh4 Ne4 29. f3 Nf6 30. g4 Qb6 31. Qh2 fxg4 32. fxg4 Bf7 33. g5 Ne4 34. Bxe4 dxe4 35. g6 Be8 36. Qh4 Qd6 37. Qxe4 Rd8 38. Kg2 Qa3 39. Rc8 Rxc8 40. Rxc8 Qxa4 41. Qxb7 Kf8 42. Rxe8+ 1-0

[Event "FRM-chT2 GpB"]
[Site "Ohrid"]
[Date "2021.07.03"]
[Round "1.5"]
[White "Dema, Ramiz"]
[Black "Mateski, Julian"]
[Result "1-0"]
[WhiteElo "2040"]
[BlackElo "1283"]
[PlyCount "108"]
[EventDate "2021.07.03"]
[EventType "team-tourn"]
[EventRounds "5"]
[EventCountry "MKD"]
[SourceTitle "EXT 2022"]
[Source "ChessBase"]
[SourceDate "2021.10.06"]
[SourceVersion "1"]
[SourceVersionDate "2021.10.06"]
[SourceQuality "1"]
[WhiteTeam "Skopje Shkupi"]
[BlackTeam "Ohrid Lasker"]
[WhiteTeamCountry "MKD"]
[BlackTeamCountry "MKD"]

1. e4 c5 2. Nf3 d6 3. d4 cxd4 4. Nxd4 Nf6 5. Nc3 g6 6. Bc4 Bg7 7. 0-0 0-0 8. Bg5 Nbd7 9. Kh1 a6 10. a4 Qc7 11. Bb3 Nc5 12. Bxf6 Bxf6 13. Nd5 Qd8 14. Nxf6+ exf6 15. f3 Be6 16. Bxe6 Nxe6 17. Nxe6 fxe6 18. Qd4 Qc7 19. c3 Qc5 20. Qd2 Rfd8 21. Rad1 d5 22. Qf4 Qe7 23. exd5 Rxd5 24. Rxd5 exd5 25. Rd1 Rd8 26. h3 Qe5 27. Qb4 Rd7 28. Qh4 Re7 29. c4 dxc4 30. Qxc4+ Kg7 31. b4 Rc7 32. Qg4 f5 33. Qh4 b5 34. axb5 axb5 35. Qd8 Rf7 36. Rd4 f4 37. Re4 Qa1+ 38. Kh2 Qf6 39. Qb8 Qg5 40. Qe8 Ra7 41. Re1 Rc7 42. Kg1 Ra7 43. Qe5+ Qxe5 44. Rxe5 Rb7 45. Kf2 Kf6 46. Rc5 h5 47. Ke2 Re7+ 48. Kd3 Re3+ 49. Kd4 Re2 50. Rxb5 Rxg2 51. Ke4 Rg3 52. Kxf4 Rxh3 53. Rb6+ Kg7 54. b5 Rh1 1-0